Biblioteca

El tabernáculo de Moisés (Registro nro. 71255)

Detalles MARC
000 -LÍDER
Campo fijo de descripción fija 01548nam a2200397 i 4500
001 - NÚMERO DE CONTROL
Campo de control 768714001
003 - IDENTIFICADOR DEL NÚMERO DE CONTROL
Campo de control CO-MdFUSB
005 - FECHA Y HORA DE LA ULTIMA TRANSACCIÓN
control field 20260423123107.0
007 - CAMPO FIJO DE DESCRIPCIÓN FIJA--INFORMACIÓN GENERAL
Campo fijo de descripción fija ta
008 - ELEMENTOS DE LONGITUD FIJA -- INFORMACIÓN GENERAL
Campo fijo de descripción fija -- Información general 231006t2003 ag ae||g b||||||1 | spa d
020 ## - NÚMERO INTERNACIONAL NORMALIZADO PARA LIBROS
Número Internacional Normalizado del libro 987-557-003-6
040 ## - FUENTE DE CATALOGACIÓN
Agencia de catalogación original CO-MdFUSB
Idioma de catalogación spa
Agencia que realiza la transcripción CO-MdFUSB
Agencia que realiza la modificación CO-MdFUSBC
Convenciones de la descripción rda
041 ## - CÓDIGO DE IDIOMA
Código de idioma para texto/pista de sonido o título separado spa
Código de idioma original eng
082 ## - NÚMERO DE CLASIFICACIÓN DECIMAL DEWEY
Número de la edición del Dewey 23
Número de clasificación 222.1206
Clave de autor-Numero de item C752
100 ## - ASIENTO PRINCIPAL--NOMBRE PERSONAL
Nombre personal Conner, Kevin J.,
Fechas asociadas con el nombre 1927
Término relacionador autor
240 ## - TITULO UNIFORME
Título uniforme <a href="Tabernacle of Moses. ">Tabernacle of Moses. </a>
245 #3 - TÍTULO
Título del Material El tabernáculo de Moisés
Mención de responsabilidad, etc. / Kevin J. Conner ; traducido por Ester Barrera.
250 ## - MENCIÓN DE EDICIÓN
Mención de edición Segunda edición
264 #1 - PRODUCCIÓN, PUBLICACIÓN, DISTRIBUCIÓN, MANUFACTURA, Y COPYRIGHT
Lugar de producción, publicación, distribución, manufactura Buenos Aires, Argentina :
Nombre del productor, publicador, distribuidor Peniel,
Fecha de producción, publicación, distribución, manufactura, o copyright [2003]
264 #4 - PRODUCCIÓN, PUBLICACIÓN, DISTRIBUCIÓN, MANUFACTURA, Y COPYRIGHT
Fecha de producción, publicación, distribución, manufactura, o copyright ©2003
300 ## - DESCRIPCIÓN FÍSICA
Extensión 251 páginas
Otros detalles físicos : ilustraciones
Dimensiones ; 21 cm
336 ## - TIPO DE CONTENIDO
Fuente rdacontent
Término de tipo de contenido texto
Código de tipo de contenido txt
337 ## - TIPO DE MEDIO
Fuente rdamedia
Nombre del tipo de medio sin mediación
Código del tipo de medio n
338 ## - TIPO DE SOPORTE
Fuente rdacarrier
Nombre del tipo de soporte volumen
Código Tipo de soporte nc
490 ## - MENCIÓN DE SERIE
Mención de serie La divina habitación de la Trinidad
500 ## - NOTA GENERAL
Nota General Incluye índice, ilustraciones, planos a blanco y negro
505 ## - NOTA DE CONTENIDO
Nota de contenido con formato preestablecido Estudio del tabernáculo en el desierto, incluyendo su contexto en el pacto mosaico, su propósito y construcción; análisis de sus elementos principales (arca, altar, candelero, velo y atrio) y su significado simbólico y teológico.
563 ## - NOTA DE ENCUADERNACIÓN
Nota de encuadernación Rústico
630 07 - TITULO UNIFORME
Título uniforme Biblia.
Nombre de parte o sección de la obra Éxodo
Subdivisión de materia general Crítica, interpretación, etc.
653 ## - TÉRMINO DE INDIZACIÓN - NO CONTROLADO
Término no controlado Tabernáculo — Biblia
653 ## - TÉRMINO DE INDIZACIÓN - NO CONTROLADO
Término no controlado Biblia. Pentateuco — Tipología (Cristianismo)
653 ## - TÉRMINO DE INDIZACIÓN - NO CONTROLADO
Término no controlado Simbolismo bíblico
700 ## - ASIENTO SECUNDARIO - NOMBRE PERSONAL
Nombre personal Barrera, Ester,
9 (RLIN) 11139
Responsabilidad traductor
942 ## - TIPO DE MATERIAL (KOHA)
Tipo de Item KOHA Libros General
945 ## - INFORMACIÓN LOCAL DEL REGISTRO
Catalogador Catherine Arias Alvarez
Existencias
Estado de Material Estado de Perdido Forma de Clasificación Volumen-Parte/Tomo Estado de Dañado No para Préstamo Colección Tomo Biblioteca de Origen Biblioteca Permanente Fecha de Adquisición Área Total de Préstamos Signatura Topográfica Código de Barras Última vez visto Ejemplar/Existencia Fecha de Remplazo Tipo de Material
    Dewey Decimal Classification       Colección General   Biblioteca FUSBC Biblioteca FUSBC 29/11/2024 BIBLIA   G 222.1206 C752t 25337 29/11/2024 Ej. 1 29/11/2024 Libros General

Biblioteca FUSBC | Teléfono: (57+4) 349 88 10 Ext. 141| WhatsApp (+57) 3005338115 
E-mail: biblioteca@unisbc.edu.co | Calle 76 87-14 Robledo Palenque, Medellín, Colombia

Con tecnología Koha